|
|
|
|
| LEADER |
00748nta a2200205 i 4500 |
| 001 |
dokt4517 |
| 005 |
20220408145053.0 |
| 008 |
220408s1996 hu om 0|| hun d |
| 040 |
|
|
|a SZTE Doktori Repozitórium
|b hun
|
| 041 |
|
|
|a hun
|
| 100 |
1 |
|
|a Laczkó Sándor
|
| 245 |
1 |
0 |
|a Bölcselet Magyarországon
|h [elektronikus dokumentum] :
|b Fejezetek a magyarországi filozófiai törekvések múltjából /
|c Laczkó Sándor
|
| 260 |
|
|
|c 1996
|
| 502 |
|
|
|a Disszertacio
|
| 650 |
|
4 |
|a filozófiai tudományok
|
| 650 |
|
4 |
|a Bölcsészettudományok
|
| 650 |
|
4 |
|a Filozófia, etika és vallástudományok
|
| 695 |
|
|
|a Filozófia
|
| 700 |
1 |
|
|a nincs megadva
|e ths
|
| 856 |
4 |
0 |
|u https://doktori.bibl.u-szeged.hu/id/eprint/4517/1/1996_laczko_sandor.pdf
|z Dokumentum-elérés
|